| 000 | 00667nam a22002177a 4500 | ||
|---|---|---|---|
| 999 |
_c14503 _d14503 |
||
| 003 | AR-CdUCM | ||
| 008 | 190423b ||||| |||| 00| 0 spa d | ||
| 020 | _a978-84-236-8990-3 | ||
| 040 |
_aMUNICIPALIDAD PROVINCIAL DEL CUSCO _cBIBLIOTECA MUNICIPAL DEL CUSCO |
||
| 041 | _hspa | ||
| 082 |
_aES / 803 / _bS52 |
||
| 100 |
_aSierra i Fabra, Jordi _932979 |
||
| 245 | _aLa fabulosa leyenda del rey Arturo / | ||
| 260 |
_aBarcelona : _bEdebé, _c2008. |
||
| 300 |
_a132 páginas ; _bIlustraciones, _c30 cm. |
||
| 650 |
_aLiteratura infantil _9588 |
||
| 650 |
_aLeyendas _92226 |
||
| 700 |
_aRovira, Francesc _925824 |
||
| 942 |
_2ddc _cLIBROS |
||
| 945 |
_aacv _d2019-04-23 |
||